000 00662nam a2200277Ia 4500
005 20260324121823.0
008 008 260324s9999 xx 000 0 eng d
020 _a9780203366196
037 _aEBOOK
040 _aCRL
040 _beng
040 _cCRL
041 _2eng
041 _aeng
084 _qCRL
100 _aBettina Kümmerling-Meibauer; Jaqueline Berndt
_91164003
245 0 _aManga's Cultural Crossroads
260 _bTaylor and Francis
260 _c2013
365 _a
365 _b280
856 _uhttp://www.taylorfrancis.com/books/9780203366196
942 _cEBOOK
999 _c1756331
_d1756331